[Event "Russian Higher League 2020"]
[Site "?"]
[Date "2020.10.15"]
[Round "7.8"]
[White "Demchenko, Anton"]
[Black "Sjugirov, Sanan"]
[Result "1/2-1/2"]
[WhiteElo "2632"]
[BlackElo "2675"]
[PlyCount "87"]
[EventDate "2020.??.??"]

1. e4 e5 2. Nf3 Nc6 3. Nc3 Nf6 4. d4 exd4 5. Nxd4 Bb4 6. Nxc6 bxc6 7. Bd3 O-O
8. O-O d5 9. exd5 cxd5 10. h3 Rb8 11. a3 Be7 12. b3 c5 13. Bf4 Bd6 14. Qd2 Be6
15. Rfe1 Bxf4 16. Qxf4 Qa5 17. Ne2 Rfe8 18. Ng3 Bd7 19. b4 cxb4 20. Rxe8+ Rxe8
21. Qxb4 Qc7 22. Rb1 h6 23. Ne2 Rc8 24. Nd4 Re8 25. Nf3 Rc8 26. Qb7 Qc5 27. Ne5
Be6 28. Qb4 Qc7 29. Qd4 Ne4 30. Ng4 Qc5 31. Qxc5 Nxc5 32. Bf1 Nd7 33. Bd3 Nc5
34. Bf1 Kf8 35. Rb4 Ke7 36. Ne5 Bf5 37. Nd3 Nd7 38. g4 Be4 39. Rb7 Kd6 40. Rxa7
Rxc2 41. Ra6+ Kc7 42. Ra7+ Kd6 43. Ra6+ Kc7 44. Ra7+ 1/2-1/2

[Event "Russian Higher League 2020"]
[Site "?"]
[Date "2020.10.15"]
[Round "7.9"]
[White "Riazantsev, Alexander"]
[Black "Sviridov, Valery"]
[Result "1-0"]
[WhiteElo "2638"]
[BlackElo "2558"]
[PlyCount "81"]
[EventDate "2020.??.??"]

1. d4 g6 2. c4 Bg7 3. Nc3 c5 4. d5 Bxc3+ 5. bxc3 f5 6. h4 Nf6 7. h5 gxh5 8. Nh3
d6 9. Qa4+ Nbd7 10. Nf4 O-O 11. Nxh5 Nxh5 12. Rxh5 Nf6 13. Rh3 Kh8 14. Bg5 Rg8
15. Bxf6+ exf6 16. Qc2 Bd7 17. e3 Qe7 18. f4 a6 19. Bd3 b5 20. Kf2 bxc4 21.
Bxf5 Bxf5 22. Qxf5 Rab8 23. Rah1 Rg7 24. Kf3 Re8 25. e4 Rb8 26. Rh6 Rf7 27. Qe6
Qf8 28. Qf5 Qe7 29. g3 a5 30. Qe6 Qf8 31. Qf5 Qe7 32. a4 Rg8 33. Rb1 Rff8 34.
g4 Rg7 35. Rb5 Qd8 36. Rb2 Rgf7 37. Rb1 Rg7 38. Rh2 Qe7 39. Rb5 Qd8 40. Rhb2
Rfg8 41. Rb8 1-0

[Event "Russian Higher League 2020"]
[Site "?"]
[Date "2020.10.15"]
[Round "7.10"]
[White "Lysyj, Igor"]
[Black "Lobanov, Sergei"]
[Result "1-0"]
[WhiteElo "2593"]
[BlackElo "2510"]
[PlyCount "113"]
[EventDate "2020.??.??"]

1. d4 Nf6 2. c4 g6 3. Nc3 d5 4. cxd5 Nxd5 5. Bd2 Bg7 6. e4 Nxc3 7. Bxc3 O-O 8.
Qd2 Nd7 9. Nf3 b6 10. Bd3 Bb7 11. O-O e6 12. b4 c5 13. bxc5 bxc5 14. Ba5 Qe7
15. Rab1 Nf6 16. Qg5 Rfc8 17. e5 Bxf3 18. gxf3 Nd5 19. Qxe7 Nxe7 20. Ba6 Nc6
21. Bxc8 Rxc8 22. Bd2 Nxd4 23. Kg2 Bxe5 24. f4 Bf6 25. Rfc1 Rc6 26. Rb7 a6 27.
Be3 e5 28. fxe5 Bxe5 29. a4 Ne6 30. Rc4 Kg7 31. Rd7 Kf6 32. f4 Bd6 33. Kf3 Nf8
34. Rb7 Ke6 35. Re4+ Kd5 36. Rxf7 Ne6 37. Rd7 Nd4+ 38. Bxd4 cxd4 39. Re5+ Kc4
40. Re6 Kd5 41. Re5+ Kc4 42. Ke4 Bxe5 43. fxe5 Kc5 44. Rxh7 Rc8 45. Rd7 Rh8 46.
Rc7+ Kb4 47. Kxd4 Kxa4 48. Rc2 Rd8+ 49. Ke4 Rd1 50. e6 Re1+ 51. Kd5 Kb3 52. Rd2
a5 53. Kd6 a4 54. e7 a3 55. Kd7 Kc3 56. Rf2 Rd1+ 57. Ke6 1-0

[Event "Russian Higher League 2020"]
[Site "?"]
[Date "2020.10.15"]
[Round "7.11"]
[White "Zvjaginsev, Vadim"]
[Black "Zabotin, Alexander"]
[Result "1/2-1/2"]
[WhiteElo "2617"]
[BlackElo "2486"]
[PlyCount "115"]
[EventDate "2020.??.??"]

1. e4 d5 2. exd5 Qxd5 3. Nc3 Qd6 4. d4 Nf6 5. Nf3 c6 6. h3 g6 7. Bc4 Be6 8. Bb3
Bg7 9. O-O O-O 10. Re1 Bxb3 11. axb3 Nbd7 12. Bg5 e6 13. Qe2 a6 14. Rad1 h6 15.
Bh4 Nh5 16. Ne4 Qb4 17. Nfd2 f5 18. c3 Qb5 19. Nd6 Qxe2 20. Rxe2 g5 21. Bg3 c5
22. Rxe6 Nxg3 23. fxg3 cxd4 24. cxd4 Bxd4+ 25. Kh2 Nc5 26. Rxh6 Kg7 27. Rh5 Kg6
28. Rxg5+ Kxg5 29. Nf3+ Kf6 30. Nxd4 Rad8 31. N4xf5 Ne4 32. Nxe4+ Kxf5 33. Re1
Kg6 34. Nc5 Rfe8 35. Ra1 Re7 36. Ra4 Rd2 37. h4 Rxb2 38. Rb4 Rc2 39. Nxb7 Ree2
40. Kh3 Rxg2 41. Nd6 Rh2+ 42. Kg4 Rc6 43. Ne4 Re6 44. Ng5 Rd6 45. Nf3 Rh1 46.
Rb8 a5 47. Rb5 Ra6 48. h5+ Kf6 49. Ng5 a4 50. Ne4+ Kg7 51. Nc5 a3 52. Nxa6 a2
53. Ra5 a1=Q 54. Rxa1 Rxa1 55. Nc5 Kh6 56. Ne6 Ra5 57. Nf4 Rb5 58. Kh4 1/2-1/2

[Event "Russian Higher League 2020"]
[Site "?"]
[Date "2020.10.15"]
[Round "7.12"]
[White "Nesterov, Arseniy"]
[Black "Kobalia, Mikhail"]
[Result "1/2-1/2"]
[WhiteElo "2510"]
[BlackElo "2614"]
[PlyCount "80"]
[EventDate "2020.??.??"]

1. d4 d5 2. c4 c6 3. Nf3 Nf6 4. Nc3 dxc4 5. a4 e6 6. e3 c5 7. Bxc4 Nc6 8. O-O
cxd4 9. exd4 Be7 10. Re1 O-O 11. Bf4 Nd5 12. Bg3 Ncb4 13. Ne5 Bd7 14. Nxd5 exd5
15. Nxd7 Qxd7 16. Bb5 Nc6 17. Rc1 Rfc8 18. Re2 a6 19. Bxc6 bxc6 20. h3 a5 21.
Be5 Bf8 22. Qd3 Qb7 23. h4 Re8 24. h5 h6 25. Rcc2 Re6 26. Bf4 Rxe2 27. Rxe2 Qb4
28. b3 c5 29. Bd2 c4 30. bxc4 Qxc4 31. Qxc4 dxc4 32. d5 Bb4 33. Bxb4 axb4 34.
Re4 Rxa4 35. Rxc4 Ra1+ 36. Kh2 Rd1 37. Rxb4 Rxd5 38. g4 f5 39. f3 fxg4 40. fxg4
Kh7 1/2-1/2

[Event "Russian Higher League 2020"]
[Site "?"]
[Date "2020.10.15"]
[Round "7.14"]
[White "Obgolts, Erik"]
[Black "Yuffa, Daniil"]
[Result "0-1"]
[WhiteElo "2376"]
[BlackElo "2583"]
[PlyCount "136"]
[EventDate "2020.??.??"]

1. e4 c5 2. Nf3 d6 3. Bb5+ Nd7 4. d4 cxd4 5. Qxd4 a6 6. Bxd7+ Bxd7 7. Nc3 e5 8.
Qd3 Rc8 9. O-O h6 10. a4 Nf6 11. Rd1 Be7 12. Nd2 Be6 13. Nf1 Rc4 14. Be3 Qc8
15. f3 O-O 16. Bf2 Rd8 17. Ne3 Rb4 18. Rab1 Rd7 19. Qd2 Bd8 20. Qe2 Rd4 21.
Ned5 Nxd5 22. exd5 Rxd1+ 23. Rxd1 Bf5 24. Ne4 Ba5 25. c4 Qd8 26. b3 Bg6 27. g4
Bb4 28. Be3 f5 29. gxf5 Bxf5 30. Qg2 Kh8 31. Kh1 Qf8 32. Rf1 Rf7 33. Kg1 Bd7
34. Qe2 Bh3 35. Rf2 Qd8 36. Bd2 Ba3 37. Qe3 Bf5 38. b4 Bb2 39. Bc3 Bxc3 40.
Nxc3 a5 41. bxa5 Qxa5 42. f4 Re7 43. c5 Qd8 44. cxd6 Qxd6 45. fxe5 Rxe5 46. Qf3
Kh7 47. Re2 Qg6+ 48. Qg3 Qxg3+ 49. hxg3 Rxe2 50. Nxe2 Kg6 51. Kf2 Kf6 52. Ke3
Ke5 53. Nc3 b6 54. d6 Kxd6 55. Kd4 Be6 56. Nb5+ Kc6 57. Ke5 Bd7 58. Kd4 h5 59.
Na3 Be6 60. Ke5 Bb3 61. Kf5 Bxa4 62. Kg6 Bd1 63. Kxg7 Kc5 64. Kf6 b5 65. Ke5 b4
66. Nb1 Kc4 67. Nd2+ Kd3 68. Ne4 b3 0-1

[Event "Russian Higher League 2020"]
[Site "?"]
[Date "2020.10.15"]
[Round "7.15"]
[White "Ovchinnikov, Vsevolod"]
[Black "Rozum, Ivan"]
[Result "1/2-1/2"]
[WhiteElo "2349"]
[BlackElo "2566"]
[PlyCount "81"]
[EventDate "2020.??.??"]

1. d4 g6 2. c4 Bg7 3. Nf3 d6 4. Nc3 Nc6 5. g3 Bg4 6. Bg2 Qc8 7. Be3 e5 8. d5
Nce7 9. c5 Nf6 10. Nd2 Bh3 11. Qa4+ Kf8 12. Bxh3 Qxh3 13. cxd6 cxd6 14. Qb4 Qd7
15. Qb3 Nf5 16. Nc4 Nxe3 17. Nxe3 Bh6 18. Nc4 Kg7 19. h3 Rhc8 20. e3 Rc5 21.
Nd2 Rac8 22. a4 b6 23. Rd1 Qf5 24. g4 Qd7 25. Rg1 Kh8 26. g5 Bxg5 27. Rxg5 Qxh3
28. Ke2 h6 29. Rg3 Qh5+ 30. Ke1 Qh1+ 31. Ke2 Qh5+ 32. Kf1 Nxd5 33. Nxd5 Rxd5
34. Kg2 e4 35. Rh1 Qf5 36. Nb1 Kg7 37. Rd1 Rd3 38. Rxd3 exd3 39. Nc3 d5 40. Qd1
Rc4 41. Qf3 1/2-1/2

[Event "Russian Higher League 2020"]
[Site "?"]
[Date "2020.10.15"]
[Round "7.16"]
[White "Lintchevski, Daniil"]
[Black "Gaifullin, Artur"]
[Result "1/2-1/2"]
[WhiteElo "2559"]
[BlackElo "2440"]
[PlyCount "138"]
[EventDate "2020.??.??"]

1. e4 e5 2. Nf3 Nc6 3. Nc3 Nf6 4. h3 Bb4 5. Nd5 Nxd5 6. exd5 e4 7. dxc6 exf3 8.
Qxf3 dxc6 9. c3 Bd6 10. d4 Be6 11. Bd3 Qd7 12. O-O O-O-O 13. Re1 Kb8 14. Bg5 f6
15. Bf4 Bxf4 16. Qxf4 Qf7 17. Re3 Rde8 18. b3 g5 19. Qg3 h5 20. Rae1 a5 21. Qf3
Bc8 22. Rxe8 Rxe8 23. Rxe8 Qxe8 24. Qxf6 Qe1+ 25. Bf1 g4 26. h4 Qxc3 27. Qe5 b6
28. Qxh5 Qxd4 29. Qg6 Qa1 30. Qd3 Qe5 31. Qe2 Qd4 32. h5 g3 33. Qf3 Bg4 34.
Qf8+ Kb7 35. h6 gxf2+ 36. Qxf2 Qe4 37. g3 Qg6 38. Qf4 Be6 39. Qe3 Bf5 40. Bg2
Qd6 41. Kh2 Bh7 42. Qf4 Qg6 43. g4 Qc2 44. g5 b5 45. Qe5 Kb6 46. Qe3+ Kb7 47.
Kg3 b4 48. Bf3 Bg6 49. Qe6 Kb6 50. Qe5 Qc1 51. Kf2 Qc2+ 52. Qe2 Qf5 53. Qc4 Qd7
54. Qf4 Kb7 55. Qe3 Qf5 56. Qc1 Be8 57. Kg2 Bd7 58. Kf2 Be8 59. Qc4 Qxg5 60. h7
Qe5 61. Qg8 Qd4+ 62. Kg3 Qg1+ 63. Kf4 Qd4+ 64. Be4 Qf2+ 65. Kg5 Qe3+ 66. Kf6
Qd4+ 67. Kg5 Qe3+ 68. Kf6 Qd4+ 69. Kg5 Qe3+ 1/2-1/2

[Event "Russian Higher League 2020"]
[Site "?"]
[Date "2020.10.15"]
[Round "7.17"]
[White "Iljiushenok, Ilia"]
[Black "Stukan, Martin"]
[Result "1/2-1/2"]
[WhiteElo "2515"]
[BlackElo "2316"]
[PlyCount "116"]
[EventDate "2020.??.??"]

1. e4 c5 2. Nf3 d6 3. d4 cxd4 4. Nxd4 Nf6 5. Nc3 a6 6. Bd3 e5 7. Nde2 Be7 8.
O-O O-O 9. Ng3 g6 10. Bc4 Nbd7 11. Bh6 Re8 12. Nd5 Bf8 13. Be3 b5 14. Bb3 Bb7
15. c3 Bg7 16. a4 bxa4 17. Rxa4 Bc6 18. Ra2 Qb8 19. Bc4 a5 20. Qd3 Bxd5 21.
Bxd5 Nxd5 22. Qxd5 Nf6 23. Qd3 Qb3 24. Rfa1 d5 25. f3 h5 26. Bg5 Nh7 27. h4 Bf6
28. exd5 Nxg5 29. hxg5 Bxg5 30. Ne4 Be7 31. Kh1 Qb6 32. b4 f5 33. bxa5 Qa6 34.
Qxa6 Rxa6 35. Nf2 Rc8 36. Nd3 Rxc3 37. Nxe5 Bd6 38. Re2 Rc5 39. Nxg6 Raxa5 40.
Ne7+ Bxe7 41. Rxa5 Rxa5 42. Rxe7 Rxd5 43. Kh2 f4 44. Kh3 Rf5 45. Kh4 Kh8 46.
Ra7 Kg8 47. Kh3 Kf8 48. Rb7 Kg8 49. Kh4 Kh8 50. Kh3 Kg8 51. Kh2 Kf8 52. Kg1 Kg8
53. Kf2 Re5 54. Ra7 Rg5 55. Ra4 Rf5 56. Ke2 Rg5 57. Kf2 Rf5 58. Ra7 Re5 1/2-1/2

[Event "Russian Higher League 2020"]
[Site "?"]
[Date "2020.10.15"]
[Round "7.18"]
[White "Lugovskoy, Maxim"]
[Black "Sarana, Alexey"]
[Result "0-1"]
[WhiteElo "2420"]
[BlackElo "2657"]
[PlyCount "90"]
[EventDate "2020.??.??"]

1. e4 d6 2. d4 g6 3. Nc3 Bg7 4. Nf3 Nf6 5. Be2 O-O 6. O-O c6 7. Bg5 Qc7 8. h3
e5 9. Qd2 Re8 10. Rfe1 Nbd7 11. Bf1 b5 12. a3 Bb7 13. d5 a6 14. dxc6 Bxc6 15.
Rad1 Bf8 16. Bh6 Be7 17. a4 bxa4 18. Bc4 Nb6 19. Ba2 Red8 20. Ng5 Be8 21. Qd3
Bf8 22. Bxf8 Kxf8 23. Re3 Kg7 24. Nf3 Bc6 25. Ng5 d5 26. exd5 Nbxd5 27. Ree1
Nb4 28. Qc4 Nxa2 29. Nxa2 Qb7 30. Rxd8 Rxd8 31. Nc3 Rc8 32. Rxe5 h6 33. h4 hxg5
34. hxg5 Nh7 35. Rc5 Bd7 36. Qd4+ Kg8 37. Nd5 Rxc5 38. Ne7+ Kf8 39. Qxc5 Qxb2
40. Qd6 a3 41. Kh2 a2 42. c3 Qxf2 43. Nf5+ Kg8 44. Ne7+ Kg7 45. Qe5+ Kf8 0-1

[Event "Russian Higher League 2020"]
[Site "?"]
[Date "2020.10.15"]
[Round "7.19"]
[White "Shuvalova, Polina"]
[Black "Samusenko, Maksim"]
[Result "0-1"]
[WhiteElo "2441"]
[BlackElo "2459"]
[PlyCount "96"]
[EventDate "2020.??.??"]

1. e4 c5 2. Nf3 Nc6 3. Bb5 g6 4. Bxc6 bxc6 5. O-O Bg7 6. Re1 Nh6 7. c3 O-O 8.
d4 cxd4 9. cxd4 f6 10. Nc3 Nf7 11. h3 d6 12. Be3 Bd7 13. Rb1 Rb8 14. Qd2 Kh8
15. b4 a5 16. a3 axb4 17. axb4 d5 18. exd5 cxd5 19. Bf4 Rb7 20. b5 Bf5 21. Rb4
g5 22. Bh2 Nd6 23. Qa2 e6 24. Nd2 Re8 25. Nb3 e5 26. dxe5 fxe5 27. Nc5 d4 28.
Nxb7 Nxb7 29. Ne4 Bxe4 30. Rxe4 Nc5 31. f3 Nxe4 32. fxe4 d3 33. Qd2 g4 34. Rb3
Qd4+ 35. Kh1 Ra8 36. Rb1 gxh3 37. gxh3 Qxe4+ 38. Qg2 Qxg2+ 39. Kxg2 Ra2+ 40.
Kf3 Rxh2 41. b6 Bf8 42. Ke4 Bd6 43. Kxd3 Kg7 44. Ke4 Rxh3 45. Rd1 Rh4+ 46. Kd5
Bb8 47. Rc1 Rd4+ 48. Kc6 Rd8 0-1

[Event "Russian Higher League 2020"]
[Site "?"]
[Date "2020.10.15"]
[Round "7.20"]
[White "Belyakov, Bogdan"]
[Black "Makarian, Rudik"]
[Result "1/2-1/2"]
[WhiteElo "2458"]
[BlackElo "2441"]
[PlyCount "80"]
[EventDate "2020.??.??"]

1. e4 e5 2. Nf3 Nc6 3. Nc3 Nf6 4. h3 a6 5. d4 exd4 6. Nxd4 Bb4 7. Nxc6 bxc6 8.
Bd3 d5 9. exd5 cxd5 10. O-O O-O 11. Qf3 c6 12. Ne2 Re8 13. Bg5 h6 14. Bxf6 Qxf6
15. Qxf6 gxf6 16. Ng3 Be6 17. Nh5 Be7 18. Rfe1 c5 19. c3 Rab8 20. b3 a5 21. Re3
a4 22. Bc2 axb3 23. axb3 Ra8 24. Rae1 Ra2 25. Bb1 Rb2 26. Nf4 Bd6 27. Nxd5 Kg7
28. Rd1 Ra8 29. Be4 f5 30. Bf3 Raa2 31. Nb4 cxb4 32. Rxd6 bxc3 33. Rxc3 Rxf2
34. Kh2 Rfb2 35. Rb6 Ra3 36. Kg3 Raxb3 37. Rcxb3 Rxb3 38. Rxb3 Bxb3 39. Kf4 Kf6
40. h4 Be6 1/2-1/2

[Event "Russian Higher League 2020"]
[Site "?"]
[Date "2020.10.15"]
[Round "7.21"]
[White "Kardashevskiy, Evgeny"]
[Black "Rodchenkov, Vitaly"]
[Result "1/2-1/2"]
[WhiteElo "2449"]
[BlackElo "2321"]
[PlyCount "158"]
[EventDate "2020.??.??"]

1. d4 Nf6 2. Nf3 d5 3. c4 e6 4. Nc3 c5 5. e3 Nc6 6. cxd5 Nxd5 7. Bd3 Nxc3 8.
bxc3 Be7 9. O-O O-O 10. Qc2 h6 11. Qe2 Bd7 12. e4 cxd4 13. cxd4 Nb4 14. Bc4 b5
15. Bb3 Nc6 16. Bf4 Na5 17. Bc2 Rc8 18. d5 exd5 19. Rad1 Qb6 20. Ne5 Be8 21.
exd5 Bd6 22. Bf5 Rd8 23. Rd3 Nc4 24. Rg3 Bxe5 25. Bxe5 Nxe5 26. Qxe5 g6 27. Rd1
Rd6 28. h4 Qd8 29. Rd4 Qf6 30. Qxf6 Rxf6 31. Bg4 Rd6 32. Ra3 Bd7 33. Bxd7 Rxd7
34. Ra6 Rc8 35. h5 Kg7 36. hxg6 fxg6 37. Rg4 g5 38. Re4 Rc1+ 39. Kh2 Rc4 40.
Ree6 Ra4 41. Rxa4 bxa4 42. d6 Rb7 43. Re4 Rd7 44. Rd4 Kf6 45. Kg3 Ke5 46. Rxa4
Rxd6 47. Rxa7 h5 48. Ra5+ Kf6 49. Ra3 Rd2 50. Ra8 Rd3+ 51. Kh2 Rd2 52. a4 Ra2
53. a5 Kg7 54. f3 h4 55. a6 Kh7 56. Kg1 Kg7 57. a7 Kh7 58. Kf1 Kg7 59. Ke1 Kh7
60. Kd1 Kg7 61. Kc1 g4 62. fxg4 Ra6 63. Kb2 Ra5 64. Kc3 Ra1 65. Kd4 Ra2 66. Ke5
Ra1 67. Kf5 Ra5+ 68. Kf4 Ra1 69. Kg5 Ra5+ 70. Kxh4 Ra1 71. g5 Ra2 72. g6 Ra1
73. g4 Ra4 74. Kh5 Ra5+ 75. Kh4 Ra1 76. Rb8 Rxa7 77. Rb6 Ra5 78. Rc6 Rb5 79. g5
Rb1 1/2-1/2

[Event "Russian Higher League 2020"]
[Site "?"]
[Date "2020.10.15"]
[Round "7.22"]
[White "Klimentov, Evgeny"]
[Black "Saidov, Bilukhadzh"]
[Result "1-0"]
[WhiteElo "2222"]
[BlackElo "2259"]
[PlyCount "47"]
[EventDate "2020.??.??"]

1. e4 c5 2. Nf3 Nf6 3. Nc3 d5 4. exd5 Nxd5 5. Bb5+ Bd7 6. Qe2 Nf6 7. d4 cxd4 8.
Nxd4 e6 9. O-O Be7 10. Bf4 a6 11. Bc4 O-O 12. Rad1 b5 13. Bb3 Qb6 14. Nf5 Bc5
15. Nxg7 e5 16. Bxe5 Bg4 17. Qd2 Nbd7 18. Qf4 Nxe5 19. Qxe5 Kxg7 20. Nd5 Qe6
21. Qg5+ Kh8 22. Nxf6 Qf5 23. Qxf5 Bxf5 24. Rd5 1-0

[Event "Russian Higher League 2020"]
[Site "?"]
[Date "2020.10.15"]
[Round "7.23"]
[White "Tugarin, Anton"]
[Black "Pogosyan, Stefan"]
[Result "0-1"]
[WhiteElo "2224"]
[BlackElo "2442"]
[PlyCount "96"]
[EventDate "2020.??.??"]

1. e4 e5 2. f4 exf4 3. Nf3 d6 4. Bc4 Nf6 5. Nc3 c6 6. Bb3 d5 7. exd5 cxd5 8. d4
Nc6 9. Bxf4 Be7 10. O-O O-O 11. Ne5 Na5 12. Qf3 Nxb3 13. axb3 Be6 14. h3 a6 15.
Qd3 Rc8 16. Ne2 Ne4 17. Bh2 f6 18. Nf3 Re8 19. Ng3 Bd6 20. Ne2 Bf5 21. Qd1 Qd7
22. Nf4 Ng5 23. c3 Nxf3+ 24. Qxf3 Be4 25. Qf2 Qb5 26. b4 b6 27. Nh5 Bf8 28. Bf4
a5 29. Qg3 Bg6 30. Qh4 axb4 31. Ra7 bxc3 32. bxc3 Qe2 33. Nxf6+ gxf6 34. Qxf6
Qe6 35. Be5 Qxf6 36. Rxf6 Rxc3 37. Rb7 Rc2 38. Rf2 Rxf2 39. Kxf2 Bd3 40. g4 b5
41. g5 b4 42. h4 Bc2 43. Ke3 b3 44. Kd2 Rc8 45. h5 Rc4 46. Rb8 Kf7 47. g6+ hxg6
48. hxg6+ Kxg6 0-1

[Event "Russian Higher League 2020"]
[Site "?"]
[Date "2020.10.15"]
[Round "7.24"]
[White "Bimiev, Ahmad"]
[Black "Rodin, Dmitrij"]
[Result "1/2-1/2"]
[WhiteElo "2252"]
[BlackElo "2388"]
[PlyCount "109"]
[EventDate "2020.??.??"]

1. c4 Nf6 2. g3 e6 3. Bg2 d5 4. Nf3 d4 5. e3 c5 6. exd4 cxd4 7. O-O Nc6 8. Re1
Bd6 9. d3 O-O 10. Nbd2 h6 11. a3 a5 12. Qc2 e5 13. c5 Bc7 14. Nc4 Re8 15. Bd2
Bf5 16. Nh4 Bh7 17. b4 axb4 18. axb4 Rxa1 19. Rxa1 e4 20. b5 Ne5 21. Nxe5 Bxe5
22. f4 Bb8 23. f5 e3 24. Be1 Qe7 25. Bf3 h5 26. Ra4 Nd7 27. c6 Ne5 28. Be4 bxc6
29. bxc6 Bc7 30. Rxd4 Qg5 31. Rb4 Ng4 32. Rb7 Qd8 33. Bc3 Nf2 34. Bf3 Nh3+ 35.
Kg2 Ng5 36. Be4 Qd6 37. Bb4 Qd8 38. Nf3 Nxf3 39. Kxf3 Qf6 40. Rxc7 Bxf5 41.
Kxe3 h4 42. Qf2 hxg3 43. hxg3 g6 44. g4 Qe5 45. Qf4 Qb2 46. Bd2 Qb6+ 47. Ke2
Bxg4+ 48. Qxg4 Qxc7 49. Qd7 Qh2+ 50. Kd1 Qh5+ 51. Kc2 Qc5+ 52. Bc3 Qf2+ 53. Bd2
Qc5+ 54. Bc3 Qf2+ 55. Bd2 1/2-1/2

[Event "Russian Higher League 2020"]
[Site "?"]
[Date "2020.10.15"]
[Round "7.25"]
[White "Nazaretyan, Tigran"]
[Black "Sergeyev, Alexander"]
[Result "1-0"]
[WhiteElo "2308"]
[BlackElo "2374"]
[PlyCount "67"]
[EventDate "2020.??.??"]

1. d4 d5 2. c4 c6 3. Nf3 Nf6 4. Nc3 dxc4 5. a4 Bg4 6. Ne5 Bh5 7. f3 Nfd7 8.
Nxc4 e5 9. Be3 Bb4 10. g4 Bg6 11. dxe5 O-O 12. Bf4 Qe7 13. e4 Rd8 14. Qc2 b5
15. Ne3 Nxe5 16. Be2 Nbd7 17. axb5 Nc5 18. O-O Ned3 19. Bg3 Bxc3 20. bxc3 cxb5
21. Rfd1 Ne5 22. Nd5 Qb7 23. Bxe5 Rxd5 24. Rxd5 Qxd5 25. exd5 Bxc2 26. Bxb5 a5
27. Bc7 a4 28. c4 f6 29. Bb6 Nd3 30. d6 Ne5 31. d7 Nf7 32. c5 Rb8 33. Bc4 Bb3
34. Bxf7+ {h5} 1-0

[Event "Russian Higher League 2020"]
[Site "?"]
[Date "2020.10.16"]
[Round "8.1"]
[White "Artemiev, Vladislav"]
[Black "Chigaev, Maksim"]
[Result "1/2-1/2"]
[WhiteElo "2716"]
[BlackElo "2598"]
[PlyCount "80"]
[EventDate "2020.??.??"]

1. c4 g6 2. Nc3 Bg7 3. g3 e5 4. Bg2 Nc6 5. e3 d6 6. Nge2 h5 7. h4 Nge7 8. d3
Bg4 9. b4 a6 10. Rb1 O-O 11. a4 Qd7 12. b5 axb5 13. axb5 Nd8 14. Qb3 Ra5 15.
Ba3 b6 16. Kd2 Ra7 17. Ra1 Nb7 18. Bb4 Nc5 19. Bxc5 Rxa1 20. Rxa1 dxc5 21. Ra8
Rxa8 22. Bxa8 Be6 23. Qa4 Qd8 24. Bb7 f5 25. Qa8 Qxa8 26. Bxa8 Kf8 27. Ng1 Bf6
28. Nf3 Kg7 29. Ng5 Bg8 30. Bb7 Kh6 31. f4 Kg7 32. Nf3 e4 33. Ne5 exd3 34. Kxd3
Bxe5 35. fxe5 g5 36. Bd5 gxh4 37. gxh4 Ng6 38. e6 Kf6 39. e7 Nxe7 40. Bxg8 Nxg8
1/2-1/2

[Event "Russian Higher League 2020"]
[Site "?"]
[Date "2020.10.16"]
[Round "8.2"]
[White "Goganov, Aleksey"]
[Black "Antipov, Mikhail Al"]
[Result "1/2-1/2"]
[WhiteElo "2573"]
[BlackElo "2591"]
[PlyCount "37"]
[EventDate "2020.??.??"]

1. e4 c5 2. Nf3 d6 3. d4 cxd4 4. Nxd4 Nf6 5. f3 e5 6. Nb3 d5 7. Bg5 Be6 8. Bxf6
gxf6 9. exd5 Qxd5 10. Qxd5 Bxd5 11. Nc3 Be6 12. O-O-O Nc6 13. Bb5 Rc8 14. Nd5
f5 15. Nf6+ Ke7 16. Nd5+ Ke8 17. Nf6+ Ke7 18. Nd5+ Ke8 19. Nf6+ 1/2-1/2

[Event "Russian Higher League 2020"]
[Site "?"]
[Date "2020.10.16"]
[Round "8.3"]
[White "Rakhmanov, Aleksandr"]
[Black "Fedoseev, Vladimir"]
[Result "1/2-1/2"]
[WhiteElo "2646"]
[BlackElo "2674"]
[PlyCount "80"]
[EventDate "2020.??.??"]

1. Nf3 Nf6 2. g3 g6 3. b3 Bg7 4. Bb2 d6 5. d4 b5 6. Qd3 a6 7. e4 Bb7 8. Nbd2
O-O 9. Bg2 c5 10. dxc5 dxc5 11. Qe2 Nc6 12. e5 Nd7 13. O-O Ncxe5 14. Nxe5 Bxg2
15. Kxg2 Nxe5 16. Bxe5 Bxe5 17. Qxe5 Qxd2 18. Qxe7 Rac8 19. c4 bxc4 20. bxc4
Qd4 21. Rac1 Qb2 22. Ra1 Rfe8 23. Qd6 Re6 24. Qd5 Re2 25. Rab1 Qf6 26. a3 h5
27. Rbe1 Rc2 28. Re4 Qc6 29. Rfe1 Qxd5 30. cxd5 Kf8 31. Ra4 Rd8 32. Rxa6 Rxd5
33. Re3 Kg7 34. h4 c4 35. Rc6 Rf5 36. Rf3 Rxf3 37. Kxf3 Rc3+ 38. Ke2 Rxa3 39.
Rxc4 Ra2+ 40. Kf3 Ra3+ 1/2-1/2

[Event "Russian Higher League 2020"]
[Site "?"]
[Date "2020.10.16"]
[Round "8.4"]
[White "Esipenko, Andrey"]
[Black "Pridorozhni, Aleksei"]
[Result "1-0"]
[WhiteElo "2682"]
[BlackElo "2596"]
[PlyCount "73"]
[EventDate "2020.??.??"]

1. e4 e5 2. Nf3 Nc6 3. Bb5 Nf6 4. d3 Bc5 5. Bg5 h6 6. Bh4 d6 7. Nc3 a6 8. Bxc6+
bxc6 9. d4 exd4 10. Nxd4 Bd7 11. Qd3 g5 12. Bg3 Nh5 13. O-O-O Nf4 14. Qd2 Ng6
15. f3 Qe7 16. Bf2 a5 17. g3 Ne5 18. f4 Ng4 19. Bg1 gxf4 20. gxf4 h5 21. h3 Nh6
22. Qd3 Rg8 23. Nde2 Bxg1 24. Rhxg1 Rxg1 25. Rxg1 Qf6 26. Rg5 h4 27. e5 Qe6 28.
Rh5 Ng8 29. Rxh4 dxe5 30. fxe5 Qe7 31. Rh5 Be6 32. Nf4 Qc5 33. Rg5 Ke7 34. Nxe6
Kxe6 35. Qf3 Rd8 36. Qf5+ Ke7 37. Qf6+ 1-0

[Event "Russian Higher League 2020"]
[Site "?"]
[Date "2020.10.16"]
[Round "8.5"]
[White "Alekseev, Evgeny"]
[Black "Riazantsev, Alexander"]
[Result "1/2-1/2"]
[WhiteElo "2626"]
[BlackElo "2638"]
[PlyCount "107"]
[EventDate "2020.??.??"]

1. e4 e5 2. Nf3 Nc6 3. Bc4 Nf6 4. d3 h6 5. O-O d6 6. a3 g5 7. Nc3 Bg7 8. Ba2
Bg4 9. Be3 Qd7 10. Ne2 Nh5 11. Ne1 Nf4 12. f3 Be6 13. Bxe6 Nxe2+ 14. Qxe2 Qxe6
15. c4 f5 16. exf5 Qxf5 17. Nc2 O-O 18. Bf2 Qd7 19. Rae1 Kh8 20. Qd1 d5 21.
cxd5 Qxd5 22. Re4 Rad8 23. Ne1 Rd7 24. Be3 Ne7 25. Qa4 a6 26. Rf2 Nf5 27. Bd2
c6 28. Qd1 Nd6 29. Ree2 c5 30. Qc1 Rc8 31. Qb1 b5 32. Bc3 Re8 33. Rd2 Nf5 34.
Rde2 Nd6 35. Rd2 Rb8 36. Nc2 Nf5 37. Rde2 Re7 38. Ne3 Nxe3 39. Rxe3 b4 40. axb4
cxb4 41. Be1 Rc7 42. Re4 Rbc8 43. Qd1 Rc1 44. Qe2 b3 45. h4 R8c2 46. Qe3 Rxf2
47. Qxc1 Rc2 48. Qa1 Qxd3 49. hxg5 hxg5 50. Qa4 Re2 51. Qe8+ Kh7 52. Qh5+ Kg8
53. Qe8+ Kh7 54. Qh5+ 1/2-1/2

[Event "Russian Higher League 2020"]
[Site "?"]
[Date "2020.10.16"]
[Round "8.7"]
[White "Yuffa, Daniil"]
[Black "Sakaev, Konstantin"]
[Result "0-1"]
[WhiteElo "2583"]
[BlackElo "2596"]
[PlyCount "100"]
[EventDate "2020.??.??"]

1. e4 c5 2. Nf3 d6 3. d4 cxd4 4. Nxd4 Nf6 5. Nc3 a6 6. f3 e5 7. Nb3 Be6 8. Be3
h5 9. Nd5 Bxd5 10. exd5 Nbd7 11. Qd2 Be7 12. O-O-O Qc7 13. Kb1 Nb6 14. Qa5 Rc8
15. c3 Bd8 16. Bxb6 Qxb6 17. Qa4+ Kf8 18. g3 g6 19. f4 exf4 20. gxf4 Rc7 21. h4
Ng4 22. Re1 Re7 23. Be2 Qf2 24. Nc1 Qg2 25. f5 gxf5 26. Bd3 Rxe1 27. Rxe1 Bxh4
28. Re8+ Kg7 29. Rxh8 Kxh8 30. Bxf5 Bg5 31. Qd4+ Kg8 32. Bc2 Qf1 33. Qd1 Qxd1
34. Bxd1 Bxc1 35. Kxc1 Kg7 36. b4 Kf6 37. a4 Ke5 38. a5 Nf6 39. Bf3 h4 40. Kd2
Nxd5 41. Ke1 b5 42. axb6 Nxb6 43. Bb7 Nd5 44. Bxa6 Nxc3 45. b5 Kd5 46. b6 Kc6
47. b7 Kc7 48. Kf2 Ne4+ 49. Kf3 h3 50. Bb5 Kxb7 0-1

[Event "Russian Higher League 2020"]
[Site "?"]
[Date "2020.10.16"]
[Round "8.8"]
[White "Predke, Alexandr"]
[Black "Demchenko, Anton"]
[Result "1-0"]
[WhiteElo "2676"]
[BlackElo "2632"]
[PlyCount "75"]
[EventDate "2020.??.??"]

1. d4 Nf6 2. Nf3 g6 3. Nbd2 Bg7 4. e4 d6 5. Bd3 O-O 6. O-O c5 7. c3 cxd4 8.
cxd4 e5 9. d5 a5 10. Nb1 Nbd7 11. Nc3 Nc5 12. Be3 Bg4 13. Bxc5 dxc5 14. Bb5 Qb6
15. Qd3 Bxf3 16. Qxf3 Rac8 17. Qe2 Rfd8 18. Na4 Qa7 19. b3 c4 20. bxc4 Bf8 21.
Rab1 Qd4 22. Rfe1 Bb4 23. Rbd1 Qa7 24. Rf1 h5 25. Kh1 Bd6 26. Rd3 Kg7 27. f4
Qb8 28. f5 Qa7 29. Qe1 Be7 30. Qg3 h4 31. Qxe5 Bd6 32. Qb2 Qb8 33. fxg6 Be5 34.
Qf2 Rh8 35. Rf3 Nxe4 36. Rxf7+ Kg8 37. Qe3 h3 38. g4 1-0

[Event "Russian Higher League 2020"]
[Site "?"]
[Date "2020.10.16"]
[Round "8.9"]
[White "Sjugirov, Sanan"]
[Black "Paravyan, David"]
[Result "0-1"]
[WhiteElo "2675"]
[BlackElo "2653"]
[PlyCount "32"]
[EventDate "2020.??.??"]

1. e4 e5 2. Nf3 Nf6 3. d4 Nxe4 4. Bd3 d5 5. Nxe5 Bd6 6. O-O O-O 7. c4 Bxe5 8.
dxe5 Nc6 9. Bf4 Be6 10. Re1 Nxf2 11. Kxf2 Qh4+ 12. Bg3 Qd4+ 13. Re3 f5 14. cxd5
f4 15. Bxh7+ Kxh7 16. Qxd4 Nxd4 0-1